Statistics for Famous People by Clue

Click here to take the quiz!

General Stats

  • This quiz has been taken 46 times
  • The average score is 18 of 21

Answer Stats

HintAnswer% Correct
Astronaut who landed on the moonNeil Armstrong
100%
First President of the United
States
George Washington
98%
Famous American Civil Rights
Leader. "I have a dream" speech
Martin Luther King Jr.
98%
Famous Scientist known for
the Theory of Relativity
Albert Einstein
95%
Discovered America trying to
get to India!
Christopher Columbus
93%
Discovered the laws of Gravity and
Motion
Isaac Newton
93%
Famous English Playwright and PoetWilliam Shakespeare
93%
French Emperor who greatly expanded
the French Empire
Napoleon Bonaparte
91%
Invented the Light BulbThomas Edison
91%
Most Famous member of the BeatlesJohn Lennon
89%
Communist Leader of Russia after
Vladimir Lenin
Joseph Stalin
89%
Famous Roman Ruler who was killed
on the "Ides of March"
Julius Caesar
89%
British Prime Minister compared
to a Bulldog
Winston Churchill
89%
First women to fly over Atlantic OceanAmelia Earhart
86%
Helped India separate from England
through peaceful protests
Mahatma Gandhi
86%
Famous founder of the Mongol EmpireGenghis Khan
84%
Famous Painter who painted a portrait
of himself along with some sunflowers
Vincent Van Gogh
84%
NBA player who is considered the
Greatest of All Time
Michael Jordan
82%
Famous French Women burnt at
the stake
Joan of Arc
77%
Famous African Explorer,
Missionary and Doctor
David Livingstone
55%
Old time football player who played
for the legendary Carlisle Football team
Jim Thorpe
7%

Score Distribution

Percentile by Number Answered

Percent of People with Each Score

Your Score History

You have not taken this quiz